| 000 | 00674nam a2200217 i 4500 | ||
|---|---|---|---|
| 001 | 113760 | ||
| 003 | ES-MaACL | ||
| 005 | 20250820122703.0 | ||
| 007 | t| | ||
| 008 | 061121s1970 sp af |||| |bspa d | ||
| 080 | _a929 Pujol, Joseph | ||
| 100 | 1 |
_aNohain, Jean. _985898 |
|
| 245 | 1 | 3 |
_aEl Pedómano, 1857-1945 _b: su vida, su obra / _cJean Nohain, F. Caradec ; traducción de Ana Cela. |
| 260 |
_aMadrid : _bAlfaguara, _c1970. |
||
| 300 |
_a100 p., 7 lám. : _bil. ; _c18 cm. |
||
| 600 | 1 | 7 |
_aPujol, Joseph, _d1857-1945 _2 _9161523 |
| 700 | 1 |
_aCaradec, François. _9141155 |
|
| 700 | 1 |
_aCela, Ana. _937335 |
|
| 852 |
_aES-MaACL _jC-49625 |
||
| 999 |
_c113760 _d113760 |
||